Państwa ONZ - Nagła Śmierć - Statystyki

Ogólne statystyki
  • Ten quiz został rozwiązany 15 razy
  • Średni wynik to 10 z 20
Answers on the Grid
Answers color-coded by a green-red scale on the quiz's grid according to % correct below.
Polska
Sudan
Kosowo
Sudan Płd.
Gruzja
Abchazja
Izrael
Palestyna
Gujana
Surinam
Osetia Południowa
Gujana Francuska
Tybet
Chińska Republika Ludowa
Republika Chińska
Francja
Hiszpania
Rosja
Jemen
Mali
Niemcy
Sinciang
Uzbekistan
Azerbejdżan
Armenia
Dania
Grenlandia
Kanada
Jakucja
Usa
 
Statystyki odpowiedzi
Odpowiedź % Poprawnych
Polska
100%
Francja
64%
Izrael
64%
Niemcy
64%
Dania
55%
Gruzja
55%
Kanada
55%
Sudan
55%
Usa
55%
Chińska Republika Ludowa
45%
Hiszpania
45%
Surinam
45%
Armenia
36%
Azerbejdżan
36%
Jemen
36%
Mali
36%
Rosja
36%
Uzbekistan
36%
Gujana
27%
Sudan Płd.
27%
Nie znaleziono quizów pasujących do podanych kryteriów
Rozkład punktacji
Procent ludzi z każdym wynikiem
Percentyl według liczby udzielonych odpowiedzi
Twoja historia wyników
Nie rozwiązałeś tego quizu